| 000 | 00917nam a2200349 a 4500 | ||
|---|---|---|---|
| 003 | AR-BaBNM | ||
| 005 | 20251128203002.0 | ||
| 008 | 082120s2002 ||||||||||||||000 | spa|| | ||
| 040 | _cAR-BaBNM | ||
| 100 | 1 | _aHeer, Friedrich | |
| 245 | 0 | 0 |
_aEl mundo medieval _bEuropa 1100-1350 |
| 260 |
_aMadrid _bGuadarrama _c1963 |
||
| 300 |
_a505 p. _bláms., il. |
||
| 490 | 0 | _aHistoria de la cultura Guadarrama | |
| 500 | _aContiene índice onómastico p. 495-505 | ||
| 504 | _aBibliografía para consultar p. 463-487 | ||
| 650 | 4 | _aARTE | |
| 650 | 4 | _aHISTORIA MEDIEVAL | |
| 650 | 4 | _aCULTURA | |
| 650 | 4 | _aCIVILIZACION | |
| 650 | 4 | _aPOLITICA | |
| 650 | 4 | _aECONOMIA | |
| 650 | 4 | _aRELIGION | |
| 650 | 4 | _aLITERATURA | |
| 650 | 4 | _aARQUITECTURA | |
| 650 | 4 | _aESCULTURA | |
| 650 | 4 | _aHISTORIOGRAFIA | |
| 650 | 4 | _aCRISTIANISMO | |
| 700 | 1 | _aLuzon Sacristan, Manuel ftr. | |
| 942 | _cBK | ||
| 998 | _cmariana | ||
| 999 |
_c1378 _d1378 |
||